000 00864nas a2200301 4500
001 BR0902341
003 BR-BrBNA
005 20231205113342.0
007 ta
008 230509b bl.|||p| |||| 00| 00por d
040 _aBR-BrBNA
_bpor
_cBiblioteca Nacional de Agricultura
041 _a(Pt)
072 _aF30
100 1 _aKalil Filho, A.N.
100 1 _aLopes, A.J.
100 1 _aMarzollo, L.G.
100 1 _aBortoleto, A.S.
100 1 _aHirano, E.
100 1 _aSturion, J.A.
245 1 _aPré-melhoramento de populações de imbuia
650 _aIMBUIA
650 _aPROGENIE
650 _aPARÂMETRO GENÉTICO
773 0 _tPesquisa Florestal Brasileira (Brazil)
_xISSN 1809-3647
_g(Jul-Dec 2008), (no. 57) p. 61-67
_wBR0902341
856 4 0 _dLink DSPACE/MAPA BR0902341
909 _a202311
_bLúcia
_c55
_dLúcia Elande
942 _2AGRIS
_n0
_cANA
999 _c203304
_d203304